000 00489nam a2200181Ia 4500
005 20250317122939.0
008 008 250317s9999 xx 000 0 eng d
037 _aTextbook
040 _aFMSL
_beng
_cFMSL
041 _aeng
_2eng
084 _qFMSL
100 _aWilcox L R
_9735716
245 0 _aElementary differential equation
260 _aPennyoyluania
_bPennyoyluania, I T
_c1962
300 _a273p
942 _cTB
999 _c1249261
_d1249261